Tácticas parlamentarias /

Guardado en:
Bibliografiske detaljer
Hovedforfatter: Bentham, Jeremy (autor)
Andre forfattere: Pendás, Benigno (preliminares) (preliminares), Dumont, Pierre Etienne Louis (preliminares) (preliminares), Arroyo Vieyra, Francisco (notas) (notas)
Format: Bog
Sprog:spansk
Udgivet: México : Congreso de la Unión, Cámara de Senadores, LX Legislatura, Mesa Directiva, 2006, c2006
Fag:
Tags: Tilføj Tag
Ingen Tags, Vær først til at tagge denne postø!

MARC

LEADER 00000nam^a2200000^a^4500
001 000262554
005 20250621000000.0
009 20260310110546.887
025 |a Donación sin dato, 1 ejemplar 
037 |a Acervo ITESO - Biblioteca 
041 |a ESP 
082 |a 328. 01  |b BEN 
100 |a Bentham, Jeremy  |e (autor) 
245 1 0 |a Tácticas parlamentarias /  |c J. Bentham ; prelim. de B. Pendás, E. Dumont ; notas de F. Arroyo Vieyra. 
264 4 |a México :  |b Congreso de la Unión, Cámara de Senadores, LX Legislatura, Mesa Directiva,  |c 2006, c2006 
300 |a 296 p. 
336 |a texto  |b txt  |2 rdacontenido 
337 |a sin mediación  |b n  |2 rdamedio 
338 |a volumen  |b nc  |2 rdasoporte 
649 |a XX 
650 |a Poder Legislativo -  |x Tema Principal 
650 |a Práctica Parlamentaria 
650 |a Derecho Parlamentario 
650 |a Derecho y Política 
650 |a Derecho -  |x Filosofía 
650 |a Política -  |x Teoría -  |x Tema Principal 
650 |a Filosofía Política 
650 |a Utilitarismo 
650 |a Filosofía Inglesa 
700 |a Pendás, Benigno  |e (preliminares) 
700 |a Dumont, Pierre Etienne Louis  |e (preliminares) 
700 |a Arroyo Vieyra, Francisco  |e (notas) 
910 |a Fondo General 
920 |a Impresos - Libros 
930 |a Colección General 
905 |a 101 
901 |a 0500143287  |b IT1  |c ACC  |d DT  |i D  |u 20250621 
902 |a https://opac.biblio.iteso.mx/vufind/Record/000262554